000 01261nam a22002177a 4500
999 _c59402
_d59402
003 Ge_BSU
005 20231027145130.0
008 230209s2023 ge ||||| |||| 00| 0 geo d
041 _ageo
080 _a82 ჩ-95
100 _aცეცხლაძე, სოფიკო
_916877
245 _aალექსანდრე (შოშია) ჩხაიძის შემოქმედება:
_bდისერტაცია /
_cსოფიკო ცეცხლაძე; სამეცნიერო ხელმძღვანელი ინგა შამილიშვილი; ბსუ. ჰუმანიტარულ მეცნიერებათა ფაკულტეტი.
264 _aბათუმი,
_c2023.
300 _a122 გვ.;
_b30 სმ.
504 _aბიბლიოგრ. გვ. 119-122
653 _aფილოლოგია
653 _aლიტერატურათმცოდნეობა
700 _aშამილიშვილი, ინგა
_eსამეცნიერო ხელმძღვანელი
_97354
710 _aბსუ. ჰუმანიტარულ მეცნიერებათა ფაკულტეტი
_916878
942 _2udc
_cDS